书目信息 |
| 题名: |
建筑设计与景观艺术
|
|
| 作者: | 杨彦辉 主编 | |
| 分册: | ||
| 出版信息: | 北京 光明日报出版社 2017.6 |
|
| 页数: | 164页 | |
| 开本: | 21cm | |
| 丛书名: | ||
| 单 册: | ||
| 中图分类: | TU2 , TU983 | |
| 科图分类: | ||
| 主题词: | 建筑设计--jian zhu she ji--研究 , 景观设计--jing guan she ji--研究 | |
| 电子资源: | ||
| ISBN: | 978-7-5194-1198-5 | |
| 000 | 00957nam0 2200289 450 | |
| 001 | 0400006447 | |
| 005 | 20171103161308.0 | |
| 010 | @a978-7-5194-1198-5@dCNY36.00 | |
| 099 | @aCAL 012017107538 | |
| 100 | @a20170615d2017 em y0chiy50 ea | |
| 101 | 0 | @achi |
| 102 | @aCN@b110000 | |
| 105 | @ay a 000yy | |
| 106 | @ar | |
| 200 | 1 | @a建筑设计与景观艺术@Ajian zhu she ji yu jing guan yi shu@f杨彦辉主编 |
| 210 | @a北京@c光明日报出版社@d2017.6 | |
| 215 | @a164页@d21cm | |
| 320 | @a有书目 (第165-166页) | |
| 330 | @a本书分六章, 内容包括: 建筑设计的内涵 ; 当代西方建筑设计手法剖析 ; 艺术设计概述 ; 建筑设计与景观艺术概述 ; 景观艺术设计方法 ; 建筑设计与景观艺术的统一性。 | |
| 606 | 0 | @a建筑设计@Ajian zhu she ji@x研究 |
| 606 | 0 | @a景观设计@Ajing guan she ji@x研究 |
| 690 | @aTU2@v5 | |
| 690 | @aTU983@v5 | |
| 701 | 0 | @a杨彦辉@Ayang yan hui@4主编 |
| 801 | 0 | @aCN@b上海新华@c20171103 |
| 905 | @b1023894-8@dTU2@e1375@f5 | |
| 998 | @aRTBOOK | |
| 建筑设计与景观艺术/杨彦辉主编.-北京:光明日报出版社,2017.6 |
| 164页;21cm |
| ISBN 978-7-5194-1198-5:CNY36.00 |
| 本书分六章, 内容包括: 建筑设计的内涵 ; 当代西方建筑设计手法剖析 ; 艺术设计概述 ; 建筑设计与景观艺术概述 ; 景观艺术设计方法 ; 建筑设计与景观艺术的统一性。 |
| ● |
| 相关链接 |
|
|
|
|
正题名:建筑设计与景观艺术
索取号:TU2/1375
 
预约/预借
| 序号 | 登录号 | 条形码 | 馆藏地/架位号 | 状态 | 备注 |
| 1 | 1023894 | 210238946 | 第二样本阅览室/ [索取号:TU2/1375] | 在馆 | |
| 2 | 1023895 | 210238955 | 第三借阅区/ [索取号:TU2/1375] | 在馆 | |
| 3 | 1023896 | 210238964 | 第三借阅区/ [索取号:TU2/1375] | 在馆 | |
| 4 | 1023897 | 210238973 | 第三借阅区/ [索取号:TU2/1375] | 在馆 | |
| 5 | 1023898 | 210238982 | 密集书库-生命科学系/ [索取号:TU2/1375] | 在馆 |